000 00706nam a22002297a 4500
003 UA-OsUOA
001 50155
007 ta
008 20140526b un ||||| |||| 00| 0 ukr d
090 _a94(477).04
_bИ99
942 _cBK
040 _aUA-OsUOA
_bukr
_cUA-OsUOA
_dUA-OsUOA
245 _aІван Мазепа і Москва: Історичні розвідки і статті
300 _a174 с.
955 _a1
041 _aukr
080 _a94(477).04
260 _aК.
_bРада
_c1994
650 7 _a9 Географія. Біографії. Історія
_2UDC
999 _c430283
_d430283